000 04704cam a22013214i 4500
003 PE-LiUPU
005 20250813185521.0
008 150625s r 000 0 d
020 _a9972462722
035 _a(Sirsi) i9789972462726
040 _aPE-LiUPU
_bspa
_cPE-LiUPU
_erda
049 _aPRUA
082 0 4 _a378.101
_bS
_221
111 2 _aSeminario del Observatorio de la Carta Magna.
_d2003
_cBolonia, Italia
245 1 3 _aLa gestión de la autonomía universitaria :
_blos cambios en los paradigmas de la investigación universitaria /
_cFabio Roversi-Monaco, Romano Prodi, Ulrike Feli.. et al.
264 1 _aLima :
_bAsamblea Nacional de Rectores, Universidad Nacional Mayor de San Marcos, Comisión de Coordinación de Reforma Universitaria,
_c2005.
300 _a183 páginas ;
_c20 centímetros
336 _atext
_2rdacontent
337 _aunmediated
_2rdamedia
338 _avolume
_2rdacarrier
500 _a"Actas del Seminario del Observatorio de la Carta Magna, 15 de septiembre de 2003".
504 _aBibliografía: p. 122-128.
505 0 _aLa autonomía universitaria en Europa: ¿Cambios en los paradigmas de la investigación universitaria?. -Las universidades autónomas en las sociedades del conocimiento: sus efectos sobre la investigación (Austria, Alemania, Finlandia, Francia, Grecia, Hungría, Italia, Los países Bajos, españa y el Reino Unido). -Las investigaciones universitarias y sus patrocinadores. -Las espectativas y el apoyo del gobierno. -Las espectativas y el apoyo de los organismos financieros privados. -Las espectativas y el apoyo de la industria privada. -Estudio de un caso: Socios en la investigación: el equilibrio entre la creatividad y la responsabilidad. -Los jóvenes y la investigación.
526 _aP202
526 _aP201
526 _aP163
526 _aP162
526 _aP161
526 _aP160
526 _aP148
526 _aP147
526 _aP146
526 _aP145
526 _aP144
526 _aP143
526 _aP142
526 _aP141
526 _aP140
526 _aP139
526 _aP138
526 _aP137
526 _aP136
526 _aP135
526 _aP134
526 _aP133
526 _aP129
526 _aP128
526 _aP127
526 _aP120
526 _aP119
526 _aP118
526 _aP116
526 _aP115
526 _aP114
526 _aP110
526 _aP109
526 _aP108
526 _aP104
526 _aP103
526 _aP102
526 _aP99
526 _aP98
526 _aP97
526 _aP96
526 _aP95
526 _aP93
526 _aP90
526 _aP89
526 _aP88
526 _aP83
526 _aP82
526 _aP62
526 _aP59
526 _aP58
526 _aP57
526 _aP51
526 _aP49
526 _aP48
526 _aP47
526 _aP29
526 _aP24
526 _aP20
526 _aP19
526 _aP17
526 _aP15
526 _aP14
526 _aP12
526 _aP10
526 _aP09
526 _aP08
526 _aP07
526 _aP06
526 _aP05
526 _aP04
526 _aP01
650 0 4 _aEducación superior
_xCongresos.
650 0 4 _aInvestigación (Universidades)
_xCongresos.
650 0 4 _aReforma universitaria
_xCongresos.
700 1 _aFelt, Ulrike.
700 1 _aProdi, Romano
700 1 _aRoversi-Monaco, Fabio
942 _2ddc
_cBOOK
949 _a378.101 S
_wDEWEY
_c1
_i56891
_lCCODEBUL1
_mBUL
_r0
_sY
_tBOOK
_u2015-6-25
_xEDUCACION
_zUNKNOWN
_0COMPRA
_o.STAFF. Colección General
949 _a378.101 S38 2005
_wDEWEY
_c1
_iFJ05287
_lCCODEBUJ1
_mBUJ
_p10.00
_r0
_sY
_tBOOK
_u2016-07-08
_xEDUCACIÓN
_PP14
_o.STAFF -- Colección General Juliaca
949 _a378.101 S38 2005
_wDEWEY
_c2
_iFJ05290
_lCCODEBUJ1
_mBUJ
_p10.00
_r0
_sY
_tBOOK
_u2016-07-08
_xEDUCACIÓN
_PP14
_o.STAFF -- Colección General Juliaca
994 _aC0
_bPEPRU
596 _a1 3
999 _a378.101 S
_wDEWEY
_c46022
_i56891
_f2021-11-8
_g5
_lCCODEBUL1
_mBUL
_r0
_sN
_tBOOK
_u2015-6-25
_xEDUCACION
_zUNKNOWN
_0COMPRA
_o.STAFF. Colección General
_d46022
999 _a378.101 S38
_wDEWEY
_c1
_iFJ05287
_f2022-1-18
_g2
_lCCODEBUJ1
_mBUJ
_p10.00
_r0
_sY
_tBOOK
_u2017-1-12
_xBIBLIOTECA
_zUNKNOWN
_0DONACION
_o.STAFF. Colección General Juliaca
999 _a378.101 S38
_wDEWEY
_c2
_iFJ05290
_f2022-1-18
_g2
_lCCODEBUJ1
_mBUJ
_r0
_sY
_tBOOK
_u2017-1-12
_xBIBLIOTECA
_zUNKNOWN
_0DONACION
_o.STAFF. Colección General Juliaca
980 _81
_gALBERTO SANCHEZ Responsable de Automatización